[Event "New York Marshall Labor Day GM"]
[Site "New York"]
[Date "2023.09.03"]
[Round "6"]
[White "Ilhomzoda, I."]
[Black "Nakada, Akira W"]
[Result "0-1"]
[WhiteElo "2269"]
[BlackElo "2369"]
[PlyCount "67"]
[EventDate "2023.08.31"]
[EventType "tourn"]
[EventRounds "9"]
[EventCountry "USA"]
[EventCategory "6"]
[SourceTitle "EXT 2024"]
[Source "ChessBase"]
[SourceDate "2023.10.10"]
[SourceVersion "1"]
[SourceVersionDate "2023.10.10"]
[SourceQuality "1"]

1. e4 c6 2. Nf3 d5 3. Nc3 dxe4 4. Nxe4 Nf6 5. Qe2 Nxe4 6. Qxe4 Nd7 7. Bc4 Nf6 8. Ne5 e6 9. Qe2 b5 10. Bb3 Qc7 11. 0-0 Bd6 12. d4 0-0 13. c3 c5 14. Re1 c4 15. Bc2 Bb7 16. Bg5 Nd5 17. Qe4 f5 18. Qh4 Rae8 19. Bd2 Ba8 20. Qh3 a5 21. b3 b4 22. Nxc4 bxc3 23. Bc1 Bf4 24. Ne3 Nb4 25. Re2 Rf6 26. Ng4 fxg4 27. Qxh7+ Kf7 28. Bxf4 Qxf4 29. Qh5+ Ke7 30. Bg6 Rc8 31. Qxa5 Rxg6 32. Qxb4+ Kf7 33. Re3 Rf6 34. Rf1 0-1

[Event "New York Marshall Labor Day GM"]
[Site "New York"]
[Date "2023.09.02"]
[Round "5"]
[White "Nakada, Akira W"]
[Black "Nagy, Gabor"]
[Result "1/2-1/2"]
[WhiteElo "2369"]
[BlackElo "2452"]
[PlyCount "27"]
[EventDate "2023.08.31"]
[EventType "tourn"]
[EventRounds "9"]
[EventCountry "USA"]
[EventCategory "6"]
[SourceTitle "EXT 2024"]
[Source "ChessBase"]
[SourceDate "2023.10.10"]
[SourceVersion "1"]
[SourceVersionDate "2023.10.10"]
[SourceQuality "1"]

1. c4 e6 2. Nc3 d5 3. e3 Nf6 4. Nf3 b6 5. cxd5 exd5 6. g3 Bd6 7. Bg2 Ba6 8. d3 0-0 9. 0-0 Nbd7 10. Re1 Nc5 11. Bf1 Ne6 12. Bg2 Nc5 13. Bf1 Ne6 14. Bg2 1/2-1/2

[Event "Titled Tuesday intern op 29th Aug Late"]
[Site "Chess.com INT"]
[Date "2023.08.29"]
[Round "1"]
[White "Nakada, Akira W"]
[Black "Hartikainen, Jarmo"]
[Result "0-1"]
[WhiteElo "2369"]
[BlackElo "2108"]
[PlyCount "72"]
[EventDate "2023.08.29"]
[EventType "swiss (blitz)"]
[EventRounds "11"]
[EventCountry "USA"]
[SourceTitle "EXT 2024"]
[Source "ChessBase"]
[SourceDate "2023.10.10"]
[SourceVersion "1"]
[SourceVersionDate "2023.10.10"]
[SourceQuality "1"]

1. b3 g6 2. Bb2 Nf6 3. Nf3 Bg7 4. e3 d6 5. Be2 0-0 6. 0-0 e5 7. d4 Nc6 8. c4 exd4 9. exd4 d5 10. Nbd2 Re8 11. h3 Bf5 12. Ne5 Nxe5 13. dxe5 Ne4 14. Nf3 dxc4 15. Bxc4 c6 16. a4 Qxd1 17. Raxd1 Rad8 18. Rfe1 Nc5 19. Bd4 Bf8 20. Ng5 Be6 21. Nxe6 Nxe6 22. Bxa7 Nc5 23. f4 Kg7 24. Bb6 Rd7 25. g4 h6 26. Kg2 Rxd1 27. Rxd1 f6 28. Bxc5 Bxc5 29. e6 Re7 30. f5 gxf5 31. gxf5 h5 32. Kf3 h4 33. Kg4 Kh6 34. Kxh4 Rg7 35. Rf1 Be3 36. Be2 Rg2 0-1

[Event "New York Summer 1000 GM IM-C"]
[Site "New York"]
[Date "2023.07.10"]
[Round "8.1"]
[White "Nakada, Akira W"]
[Black "Reiss, Aiden"]
[Result "1-0"]
[WhiteElo "2340"]
[BlackElo "2252"]
[PlyCount "53"]
[EventDate "2023.07.06"]
[EventType "schev"]
[EventRounds "9"]
[EventCountry "USA"]
[SourceTitle "CBM 215 Extra"]
[Source "ChessBase"]
[SourceDate "2023.09.30"]
[SourceVersion "1"]
[SourceVersionDate "2023.09.30"]
[SourceQuality "1"]
[WhiteTeam "Team B"]
[BlackTeam "Team D"]
[WhiteTeamCountry "USA"]
[BlackTeamCountry "USA"]

1. c4 Nf6 2. Nc3 g6 3. d4 d5 4. cxd5 Nxd5 5. e4 Nxc3 6. bxc3 Bg7 7. Nf3 c5 8. h3 0-0 9. Be2 cxd4 10. cxd4 Nc6 11. Be3 f5 12. 0-0 f4 13. Bc4+ Kh8 14. Bd2 Nxd4 15. Bc3 Nxf3+ 16. Qxf3 Qc7 17. Rac1 Bd7 18. Rfd1 Bc6 19. Bd5 Rad8 20. Bb4 Be5 21. Qa3 f3 22. Bxe7 Bh2+ 23. Kh1 fxg2+ 24. Kxg2 Bxd5 25. Rxc7 Bxe4+ 26. Kxh2 Rxf2+ 27. Kg3 1-0

[Event "New York Summer 1000 GM IM-C"]
[Site "New York"]
[Date "2023.07.09"]
[Round "7.2"]
[White "Yudasin, Leonid"]
[Black "Nakada, Akira W"]
[Result "1/2-1/2"]
[WhiteElo "2394"]
[BlackElo "2340"]
[PlyCount "39"]
[EventDate "2023.07.06"]
[EventType "schev"]
[EventRounds "9"]
[EventCountry "USA"]
[SourceTitle "CBM 215 Extra"]
[Source "ChessBase"]
[SourceDate "2023.09.30"]
[SourceVersion "1"]
[SourceVersionDate "2023.09.30"]
[SourceQuality "1"]
[WhiteTeam "Team A"]
[BlackTeam "Team B"]
[WhiteTeamCountry "USA"]
[BlackTeamCountry "USA"]

1. Nf3 d5 2. c4 e6 3. e3 Nf6 4. Nc3 Bd6 5. Qc2 a6 6. d4 0-0 7. a3 dxc4 8. Bxc4 Nc6 9. 0-0 e5 10. h3 Bd7 11. Rd1 Qc8 12. d5 Ne7 13. e4 Ng6 14. Ne2 Bc5 15. Ng3 Bb6 16. Be3 Bxe3 17. fxe3 Re8 18. Rac1 Qd8 19. Bd3 Rc8 20. Qb3 1/2-1/2

[Event "Las Vegas 1000 GM op"]
[Site "Las Vegas"]
[Date "2023.06.12"]
[Round "8"]
[White "Nakada, Akira W"]
[Black "Schmakel, Sam A"]
[Result "0-1"]
[WhiteElo "2321"]
[BlackElo "2416"]
[PlyCount "88"]
[EventDate "2023.06.08"]
[EventType "swiss"]
[EventRounds "9"]
[EventCountry "USA"]
[SourceTitle "CBM 214 Extra"]
[Source "ChessBase"]
[SourceDate "2023.07.31"]
[SourceVersion "1"]
[SourceVersionDate "2023.07.31"]
[SourceQuality "1"]

1. c4 g6 2. e4 Bg7 3. d4 e6 4. Nc3 Ne7 5. d5 d6 6. Nf3 0-0 7. Be2 Na6 8. 0-0 Nc5 9. Be3 b6 10. Nd4 e5 11. Nc2 a5 12. Ne1 f5 13. f3 f4 14. Bf2 g5 15. Nd3 Rf7 16. a3 h5 17. b4 Nxd3 18. Bxd3 g4 19. Kh1 Ng6 20. c5 g3 21. hxg3 fxg3 22. Bxg3 h4 23. Bh2 Nf4 24. cxb6 axb4 25. Nb5 cxb6 26. Bc4 bxa3 27. Qb3 Qg5 28. Rf2 Bf8 29. Rxa3 Rxa3 30. Qxa3 Nh5 31. Bf1 Ng3+ 32. Kg1 Bd7 33. Nc7 Bh6 34. Qxd6 Qc1 35. f4 Bxf4 36. Qg6+ Rg7 37. Qf6 Qxc7 38. d6 Qc8 39. Bc4+ Qxc4 40. Qd8+ Kh7 41. Qxh4+ Kg6 42. Bxg3 Rh7 43. Qd8 Qc1+ 44. Rf1 Rh1+ 0-1

[Event "Las Vegas 1000 GM op"]
[Site "Las Vegas"]
[Date "2023.06.08"]
[Round "1"]
[White "Pullela, Sricharan"]
[Black "Nakada, Akira W"]
[Result "0-1"]
[WhiteElo "1996"]
[BlackElo "2321"]
[PlyCount "78"]
[EventDate "2023.06.08"]
[EventType "swiss"]
[EventRounds "9"]
[EventCountry "USA"]
[SourceTitle "CBM 214 Extra"]
[Source "ChessBase"]
[SourceDate "2023.07.31"]
[SourceVersion "1"]
[SourceVersionDate "2023.07.31"]
[SourceQuality "1"]

1. d4 Nf6 2. Bg5 d5 3. Bxf6 gxf6 4. e3 c5 5. dxc5 Nc6 6. c4 d4 7. exd4 Qxd4 8. Nc3 Bg4 9. Be2 Rg8 10. Nb5 Qe5 11. Qd5 Rd8 12. Qxe5 fxe5 13. h3 Bxe2 14. Nxe2 e6 15. 0-0 Bxc5 16. a3 a5 17. Nec3 f5 18. Rfd1 Ke7 19. Kf1 e4 20. Rxd8 Rxd8 21. Rd1 Rxd1+ 22. Nxd1 Ne5 23. b3 Nd3 24. f3 e3 25. Nbc3 f4 26. Ne2 Bxa3 27. g3 e5 28. gxf4 exf4 29. Ndc3 Bd6 30. Nd5+ Kf7 31. Nd4 Be5 32. Nc2 Nc1 33. b4 a4 34. Nb6 e2+ 35. Ke1 Bc3+ 36. Kf2 a3 37. Nd5 e1Q+ 38. Nxe1 Bxe1+ 39. Kxe1 a2 0-1

[Event "New York Mem Day 1000 GM IM-B"]
[Site "New York"]
[Date "2023.05.28"]
[Round "6.1"]
[White "Chen, Justin"]
[Black "Nakada, Akira W"]
[Result "1-0"]
[WhiteElo "2333"]
[BlackElo "2321"]
[PlyCount "91"]
[EventDate "2023.05.25"]
[EventType "schev"]
[EventRounds "9"]
[EventCountry "USA"]
[SourceTitle "CBM 214 Extra"]
[Source "ChessBase"]
[SourceDate "2023.07.31"]
[SourceVersion "1"]
[SourceVersionDate "2023.07.31"]
[SourceQuality "1"]
[WhiteTeam "Team D"]
[BlackTeam "Team C"]
[WhiteTeamCountry "USA"]
[BlackTeamCountry "USA"]

1. Nf3 Nf6 2. c4 e6 3. Nc3 Bb4 4. Qc2 0-0 5. a3 Bxc3 6. Qxc3 d6 7. g3 e5 8. Bg2 Nc6 9. b4 Re8 10. b5 Nb8 11. 0-0 Nbd7 12. d3 Nc5 13. a4 a5 14. Be3 e4 15. Nd2 Bf5 16. Bxc5 dxc5 17. dxe4 Nxe4 18. Nxe4 Bxe4 19. Rad1 Qe7 20. Bxe4 Qxe4 21. Rd5 b6 22. e3 Rad8 23. Rfd1 Rxd5 24. Rxd5 h6 25. Qd3 Kf8 26. Rd8 Qxd3 27. Rxd3 Re4 28. Rc3 f5 29. Kf1 Ke7 30. Ke2 g5 31. Rc1 Kf6 32. f3 Re6 33. Rd1 Rd6 34. f4 gxf4 35. gxf4 Re6 36. Rd7 Re4 37. Kd3 Kg6 38. Rxc7 Kh5 39. Rc6 Kg4 40. Rxb6 Kf3 41. Rc6 Rxe3+ 42. Kd2 Re2+ 43. Kd1 Ra2 44. Rxc5 Ke3 45. b6 Kd3 46. Rd5+ 1-0

[Event "New York Winter GM-C"]
[Site "New York"]
[Date "2023.01.16"]
[Round "8"]
[White "Nakada, Akira W"]
[Black "Dukic, Zachary"]
[Result "1/2-1/2"]
[WhiteElo "2304"]
[BlackElo "2226"]
[PlyCount "89"]
[EventDate "2023.01.12"]
[EventType "tourn"]
[EventRounds "9"]
[EventCountry "USA"]
[EventCategory "4"]
[SourceTitle "CBM 212 Extra"]
[Source "ChessBase"]
[SourceDate "2023.03.31"]
[SourceVersion "1"]
[SourceVersionDate "2023.03.31"]
[SourceQuality "1"]

1. c4 g6 2. e4 Bg7 3. d4 d6 4. Nc3 Nf6 5. h3 0-0 6. Be3 Nbd7 7. g4 a6 8. g5 Ne8 9. Nge2 c5 10. d5 b5 11. Qc2 Ne5 12. Ng1 bxc4 13. f4 Nd3+ 14. Bxd3 cxd3 15. Qxd3 Rb8 16. Qd2 e6 17. Nge2 exd5 18. exd5 Nc7 19. Kf2 f6 20. gxf6 Qxf6 21. h4 Bg4 22. Ng3 Rfe8 23. Rae1 Qf7 24. h5 gxh5 25. Nge2 Kh8 26. b3 Rb4 27. Kg2 Bf5 28. Ng3 Bg4 29. f5 Rg8 30. Nce4 Be5 31. Bf4 Rd4 32. Bxe5+ dxe5 33. Qh6 Nxd5 34. Rhf1 Qg7 35. Qxg7+ Kxg7 36. Nxc5 Rd2+ 37. Rf2 Nf4+ 38. Kf1 Rxf2+ 39. Kxf2 Rc8 40. Nge4 Bxf5 41. Rg1+ Bg6 42. Kf3 Rc6 43. Rg5 Ne6 44. Rxe5 Nxc5 45. Nxc5 1/2-1/2

[Event "New York Winter GM-C"]
[Site "New York"]
[Date "2023.01.15"]
[Round "7"]
[White "Narayanan, Samrug"]
[Black "Nakada, Akira W"]
[Result "1/2-1/2"]
[WhiteElo "2278"]
[BlackElo "2304"]
[PlyCount "119"]
[EventDate "2023.01.12"]
[EventType "tourn"]
[EventRounds "9"]
[EventCountry "USA"]
[EventCategory "4"]
[SourceTitle "CBM 212 Extra"]
[Source "ChessBase"]
[SourceDate "2023.03.31"]
[SourceVersion "1"]
[SourceVersionDate "2023.03.31"]
[SourceQuality "1"]

1. e4 c6 2. d4 d5 3. e5 c5 4. dxc5 e6 5. a3 Bxc5 6. Qg4 Ne7 7. Nf3 0-0 8. Bd3 f5 9. exf6 Rxf6 10. Qh4 h6 11. b4 Bd6 12. Bb2 Rf4 13. Qh5 Nd7 14. Ne5 Qc7 15. Nxd7 Bxd7 16. g3 Rff8 17. f4 a5 18. b5 Nf5 19. Nd2 e5 20. fxe5 Bxe5 21. 0-0-0 Bxb2+ 22. Kxb2 Rac8 23. Rhe1 Qc3+ 24. Ka2 Rce8 25. Rxe8 Bxe8 26. Qf3 Bg6 27. Bxf5 Qxf3 28. Nxf3 Bxf5 29. Nd4 Be4 30. Rd2 Rf1 31. Ne6 Rf6 32. Nc5 b6 33. Nxe4 dxe4 34. Re2 Re6 35. Kb3 Kf7 36. Kc4 Kf6 37. Kd4 Kf5 38. Rf2+ Kg5 39. c4 h5 40. Ke3 h4 41. Rf4 hxg3 42. hxg3 Rd6 43. Rxe4 Kf5 44. a4 Rd1 45. Rf4+ Ke5 46. Rg4 Ra1 47. c5 Ra3+ 48. Kd2 bxc5 49. Kc2 Kd5 50. Kb2 Rf3 51. Rxg7 Kc4 52. Rg4+ Kd3 53. b6 Rf6 54. Rg5 Rxb6+ 55. Kc1 Rc6 56. Rf5 Kc3 57. g4 Kb4 58. g5 Kxa4 59. Rf6 Rc8 60. Rb6 1/2-1/2

[Event "Hollywood Classic 3rd"]
[Site "Los Angeles"]
[Date "2022.08.06"]
[Round "7"]
[White "Ezra, Paul Chambers"]
[Black "Nakada, Akira W"]
[Result "1-0"]
[WhiteElo "2241"]
[BlackElo "2323"]
[PlyCount "101"]
[EventDate "2022.08.03"]
[EventType "swiss"]
[EventRounds "9"]
[EventCountry "USA"]
[SourceTitle "CBM 209 Extra"]
[Source "ChessBase"]
[SourceDate "2022.09.30"]
[SourceVersion "1"]
[SourceVersionDate "2022.09.30"]
[SourceQuality "1"]

1. e4 c6 2. d4 d5 3. e5 c5 4. dxc5 e6 5. a3 Bxc5 6. Nf3 f6 7. b4 Be7 8. Bd3 a5 9. bxa5 Nd7 10. Bb2 Nh6 11. Nbd2 Nf7 12. exf6 Bxf6 13. Bxf6 Qxf6 14. Nb3 0-0 15. 0-0 Nd6 16. Be2 Nb8 17. Nfd2 Qc3 18. Re1 Nc6 19. Bg4 Qf6 20. Qe2 e5 21. Bxc8 Raxc8 22. c4 dxc4 23. Nxc4 Nxc4 24. Qxc4+ Kh8 25. Qe2 Nd4 26. Nxd4 exd4 27. f3 Rfd8 28. Rad1 h6 29. Qe7 Qc6 30. Qb4 Qd5 31. Re7 d3 32. Rxb7 d2 33. Qb2 Qc5+ 34. Kf1 Qg5 35. h4 Qg6 36. Kf2 Rc2 37. Rxg7 Qxg7 38. Qxc2 Rg8 39. g4 Qd4+ 40. Kg2 Rd8 41. a6 h5 42. Qg6 Rd7 43. Qxh5+ Kg7 44. Qg5+ Kh7 45. Qf5+ Kh8 46. Qh5+ Kg7 47. Qg5+ Kh7 48. h5 Kh8 49. a7 Rd8 50. a8Q Rxa8 51. Qxd2 1-0

[Event "Hollywood Classic 3rd"]
[Site "Los Angeles"]
[Date "2022.08.05"]
[Round "4"]
[White "Nakada, Akira W"]
[Black "Sambuev, Bator"]
[Result "1/2-1/2"]
[WhiteElo "2323"]
[BlackElo "2466"]
[PlyCount "192"]
[EventDate "2022.08.03"]
[EventType "swiss"]
[EventRounds "9"]
[EventCountry "USA"]
[SourceTitle "CBM 209 Extra"]
[Source "ChessBase"]
[SourceDate "2022.09.30"]
[SourceVersion "1"]
[SourceVersionDate "2022.09.30"]
[SourceQuality "1"]

1. c4 e5 2. Nc3 g6 3. d4 d6 4. Nf3 Bg7 5. e3 Nd7 6. Be2 Ngf6 7. 0-0 0-0 8. b4 exd4 9. exd4 c5 10. Bf4 cxb4 11. Nb5 Ne4 12. Nxd6 Ndf6 13. Nxe4 Nxe4 14. a3 Nc3 15. Qd2 Nxe2+ 16. Qxe2 Bg4 17. axb4 Bxf3 18. Qxf3 Qxd4 19. Rac1 Qb6 20. c5 Qb5 21. c6 bxc6 22. Qxc6 Qf5 23. Be3 a6 24. Rfd1 Rfc8 25. Qb6 Rcb8 26. Qc5 Qe6 27. Qc4 Qxc4 28. Rxc4 Rb5 29. Kf1 Bf8 30. Bc5 Rc8 31. Rdc1 Bh6 32. Be3 Rxc4 33. Rxc4 Bxe3 34. fxe3 Rb6 35. Ke2 Kg7 36. Kd3 g5 37. Ke4 Rf6 38. Rc5 h6 39. Rc2 g4 40. Ra2 h5 41. h3 Kg6 42. hxg4 h4 43. Ra5 Rf2 44. Rxa6+ Kg5 45. Ra8 Rxg2 46. Rg8+ Kf6 47. Kf3 h3 48. Rh8 Rb2 49. Rxh3 Rxb4 50. Rh6+ Kg5 51. Rh5+ Kg6 52. Ra5 f6 53. Ra8 Rc4 54. Rd8 Ra4 55. Rd4 Ra6 56. Kf4 Rb6 57. Ra4 Rc6 58. e4 Rc1 59. Ra6 Rf1+ 60. Kg3 Rg1+ 61. Kf3 Rf1+ 62. Ke2 Rf4 63. Ke3 Rxg4 64. e5 Kf5 65. exf6 Kg6 66. Kf3 Rb4 67. Ke3 Rh4 68. Rb6 Ra4 69. Kd3 Rh4 70. Ke2 Ra4 71. Rb3 Rf4 72. Ke3 Rxf6 73. Rb1 Rf7 74. Rb5 Rf6 75. Ke4 Rf7 76. Rb8 Rf6 77. Rg8+ Kf7 78. Ra8 Kg6 79. Ra7 Re6+ 80. Kf4 Rf6+ 81. Kg4 Re6 82. Ra4 Rf6 83. Re4 Rd6 84. Rb4 Rf6 85. Rc4 Re6 86. Kf4 Rf6+ 87. Ke4 Re6+ 88. Kd5 Rf6 89. Rg4+ Kf7 90. Rg1 Rf5+ 91. Ke4 Rf6 92. Ke5 Re6+ 93. Kd5 Rf6 94. Rg4 Re6 95. Rf4+ Rf6 96. Rxf6+ Kxf6 1/2-1/2

[Event "New York Summer IM-C"]
[Site "New York"]
[Date "2022.07.10"]
[Round "7"]
[White "Nakada, Akira W"]
[Black "Hardaway, Brewington"]
[Result "1/2-1/2"]
[WhiteElo "2297"]
[BlackElo "2175"]
[PlyCount "70"]
[EventDate "2022.07.07"]
[EventType "tourn"]
[EventRounds "9"]
[EventCountry "USA"]
[SourceTitle "CBM 209 Extra"]
[Source "ChessBase"]
[SourceDate "2022.09.30"]
[SourceVersion "1"]
[SourceVersionDate "2022.09.30"]
[SourceQuality "1"]

1. c4 e6 2. Nc3 d5 3. e3 Nf6 4. Nf3 c5 5. cxd5 exd5 6. d4 Nc6 7. Be2 a6 8. 0-0 cxd4 9. Nxd4 Bd6 10. Nxc6 bxc6 11. b3 0-0 12. Bb2 Qc7 13. h3 Bf5 14. Bd3 Be6 15. Rc1 h6 16. Bb1 Rfe8 17. Qd3 Be5 18. f4 Bxc3 19. Qxc3 Rac8 20. Rf3 Red8 21. Qd3 Ne4 22. f5 Bd7 23. f6 g6 24. Rf4 Ng3 25. Qd1 Re8 26. Qf3 Rxe3 27. Qxe3 Qxf4 28. Qxf4 Ne2+ 29. Kf2 Nxf4 30. Be5 Ne6 31. Bd3 c5 32. Bd6 Bb5 33. Bb1 a5 34. h4 Rc6 35. Be7 c4 1/2-1/2

[Event "New York Summer IM-C"]
[Site "New York"]
[Date "2022.07.07"]
[Round "1"]
[White "Nakada, Akira W"]
[Black "Martin Del Campo C, Roberto Abel"]
[Result "1-0"]
[WhiteElo "2297"]
[BlackElo "2245"]
[PlyCount "69"]
[EventDate "2022.07.07"]
[EventType "tourn"]
[EventRounds "9"]
[EventCountry "USA"]
[SourceTitle "CBM 209 Extra"]
[Source "ChessBase"]
[SourceDate "2022.09.30"]
[SourceVersion "1"]
[SourceVersionDate "2022.09.30"]
[SourceQuality "1"]

1. c4 Nf6 2. Nc3 d6 3. e4 c5 4. Nf3 Nc6 5. d4 Bg4 6. d5 Nd4 7. Be3 Bxf3 8. gxf3 g6 9. Bg2 Bg7 10. 0-0 0-0 11. Ne2 Nh5 12. Ng3 Nxg3 13. hxg3 a6 14. b4 b6 15. Rb1 e6 16. f4 exd5 17. cxd5 Re8 18. g4 Nb5 19. Qd3 Qc8 20. bxc5 bxc5 21. f5 c4 22. Qd2 Nc3 23. Rb6 Nxe4 24. Qc2 gxf5 25. Rc6 Qd7 26. Qxc4 f4 27. Bc1 Nc3 28. Bf3 Re4 29. Qd3 Rc8 30. Rxc8+ Qxc8 31. Bxe4 Qxg4+ 32. Bg2 Ne2+ 33. Kh1 Ng3+ 34. fxg3 fxg3 35. Qf5 1-0

[Event "Chicago op 31st"]
[Site "Chicago"]
[Date "2022.05.27"]
[Round "3"]
[White "De la Colina, Nicolas"]
[Black "Nakada, Akira W"]
[Result "1/2-1/2"]
[WhiteElo "2091"]
[BlackElo "2324"]
[PlyCount "227"]
[EventDate "2022.05.26"]
[EventType "swiss"]
[EventRounds "9"]
[EventCountry "USA"]
[SourceTitle "CBM 208 Extra"]
[Source "ChessBase"]
[SourceDate "2022.07.31"]
[SourceVersion "1"]
[SourceVersionDate "2022.07.31"]
[SourceQuality "1"]

1. e4 c6 2. d4 d5 3. f3 e6 4. Nc3 Qb6 5. Nge2 Nd7 6. Rb1 dxe4 7. fxe4 e5 8. Be3 Ngf6 9. Qd2 Qc7 10. dxe5 Nxe5 11. Nd4 Bb4 12. Bd3 0-0 13. 0-0 Nfg4 14. Nf3 Nxf3+ 15. gxf3 Nxe3 16. Qxe3 Bh3 17. Rfe1 Qe7 18. Kh1 Bc5 19. Qf4 Rad8 20. Qg3 Bc8 21. f4 b5 22. e5 f5 23. exf6 Qxf6 24. Ne4 Qd4 25. Nxc5 Qxc5 26. Re5 Qd4 27. Rg1 Rf7 28. Qh4 Bf5 29. Bxf5 Rxf5 30. Qxd8+ Qxd8 31. Rxf5 Qd4 32. Re1 g6 33. Re8+ Kg7 34. Re7+ Kh6 35. Rff7 Kh5 36. Re5+ Kg4 37. Rg5+ Kf3 38. Rg3+ Kf2 39. Rg2+ Kf3 40. Rg3+ Kf2 41. Rg2+ Kf3 42. Rg3+ Ke4 43. Rxh7 Qxb2 44. Rxa7 Qxc2 45. Rxg6 Qd1+ 46. Rg1 Qf3+ 47. Rg2 c5 48. Re7+ Kd4 49. Kg1 c4 50. Rd7+ Kc5 51. Rdd2 c3 52. Rde2 Qxf4 53. Rgf2 Qg4+ 54. Rg2 Qd4+ 55. Rgf2 Kc4 56. h3 Qd1+ 57. Kg2 Kd3 58. Re5 c2 59. Rxb5 c1Q 60. Rd5+ Ke3 61. Rxd1 Qxd1 62. Rb2 Qf3+ 63. Kh2 Qf4+ 64. Kg2 Qg5+ 65. Kh1 Qe5 66. Rg2 Kf3 67. a4 Qf5 68. Rg4 Qb1+ 69. Kh2 Qc2+ 70. Kh1 Qf2 71. a5 Qe1+ 72. Kh2 Qe5+ 73. Kh1 Qxa5 74. Kh2 Qe1 75. Rg2 Qe4 76. Rg4 Qd5 77. Rg2 Qc6 78. Kh1 Qc1+ 79. Kh2 Qe1 80. Rg4 Qe5+ 81. Kh1 Qd5 82. Rg2 Qd6 83. Rg4 Qb6 84. Rg2 Qa7 85. Kh2 Qc5 86. Kh1 Qc6 87. Kh2 Qd5 88. Kh1 Qd1+ 89. Kh2 Qe1 90. Rg4 Qf1 91. Rg3+ Ke2 92. Rg2+ Ke3 93. Rg3+ Kf2 94. Rg4 Ke2 95. Rg2+ Kf3 96. Rg3+ Kf4 97. Rg4+ Kf5 98. Rg2 Qf3 99. Rg4 Qa8 100. Rg2 Kf4 101. Rg4+ Kf3 102. Rg2 Qb7 103. Kh1 Qb8 104. Rg4 Qc7 105. Rg2 Qc5 106. Kh2 Qh5 107. Rg3+ Kf4 108. Rg4+ Kf5 109. Rg2 Qh8 110. Rg4 Qa8 111. Rg2 Kf4 112. Rg4+ Ke3 113. Rg2 Kf3 114. Kh1 1/2-1/2

[Event "Charlotte CCCSA Spring IM-D"]
[Site "Charlotte"]
[Date "2022.05.06"]
[Round "5"]
[White "Nakada, Akira W"]
[Black "Woodward, Andy"]
[Result "1/2-1/2"]
[WhiteElo "2324"]
[BlackElo "2354"]
[PlyCount "98"]
[EventDate "2022.05.04"]
[EventType "tourn"]
[EventRounds "9"]
[EventCountry "USA"]
[SourceTitle "CBM 208 Extra"]
[Source "ChessBase"]
[SourceDate "2022.07.31"]
[SourceVersion "1"]
[SourceVersionDate "2022.07.31"]
[SourceQuality "1"]

1. c4 Nf6 2. Nc3 e5 3. Nf3 Nc6 4. e4 Bb4 5. d3 h6 6. a3 Bxc3+ 7. bxc3 d6 8. g3 0-0 9. Bg2 Nd7 10. 0-0 Nc5 11. Nh4 a6 12. d4 Nd7 13. Nf5 Ne7 14. g4 Ng6 15. Qe2 Re8 16. Be3 Ndf8 17. Rad1 Qf6 18. Qf3 Nh4 19. Qg3 Nxg2 20. Kxg2 Qg6 21. f3 exd4 22. cxd4 Bxf5 23. gxf5 Qxg3+ 24. hxg3 f6 25. Bf4 Nd7 26. Rb1 b6 27. g4 Kf7 28. Bg3 Rac8 29. Rfd1 Nb8 30. a4 Nd7 31. a5 Rb8 32. axb6 Nxb6 33. c5 Nc4 34. Rdc1 Rxb1 35. Rxb1 Re7 36. c6 d5 37. Rb7 Na5 38. Bxc7 Nxc6 39. exd5 Nxd4 40. d6 Rd7 41. Rb6 a5 42. Kf2 h5 43. Ke3 Nc2+ 44. Kf2 Nb4 45. gxh5 Nd5 46. Rc6 Nb4 47. Rc4 Na6 48. Ke3 a4 49. Rxa4 Nxc7 1/2-1/2

[Event "Charlotte CCCSA Spring IM-D"]
[Site "Charlotte"]
[Date "2022.05.05"]
[Round "2"]
[White "Nakada, Akira W"]
[Black "Zaloznyy, Mike"]
[Result "1-0"]
[WhiteElo "2324"]
[BlackElo "2125"]
[PlyCount "67"]
[EventDate "2022.05.04"]
[EventType "tourn"]
[EventRounds "9"]
[EventCountry "USA"]
[SourceTitle "CBM 208 Extra"]
[Source "ChessBase"]
[SourceDate "2022.07.31"]
[SourceVersion "1"]
[SourceVersionDate "2022.07.31"]
[SourceQuality "1"]

1. c4 b6 2. Nc3 Bb7 3. d4 Nf6 4. Qc2 d5 5. cxd5 Nxd5 6. Nf3 e6 7. e4 Nxc3 8. bxc3 Be7 9. Bb5+ c6 10. Bd3 c5 11. 0-0 cxd4 12. cxd4 0-0 13. Bb2 Nd7 14. Rad1 Rc8 15. Qe2 Bb4 16. h4 Nf6 17. d5 exd5 18. e5 Re8 19. Bf5 Rc4 20. Qxc4 dxc4 21. Rxd8 Rxd8 22. exf6 c3 23. Ba1 Ba6 24. Rc1 Ba3 25. Re1 Bb4 26. a3 Ba5 27. Re3 gxf6 28. Bxc3 Rd5 29. Bxf6 Bb5 30. Nd4 Bd2 31. Rg3+ Kf8 32. Bxh7 Ke8 33. Rg8+ Kd7 34. Rd8+ 1-0